Missing Word: African-American Literature Quiz Stats

Quiz Updated Oct 27, 2016

Challenge
Share
Tweet
Embed
Score 0/16 Timer 03:00
0 Plays Today
Work Word % Correct
The _____ PurpleColor
97.2%
Go Tell It on the ________Mountain
94%
The Autobiography of ______ XMalcolm
91.8%
Invisible ___Man
89.6%
I Know Why the _____ Bird SingsCaged
86.9%
____ of SolomonSong
84.1%
How _____ Got Her Groove BackStella
81.5%
A ______ in the SunRaisin
80.5%
Work Word % Correct
Their Eyes Were Watching ___God
77.9%
The Bluest ____Eye
55.3%
The Audacity of ____Hope
53.9%
______ SonNative
51%
My Bondage and My ________Freedom
45.9%
Let America be America _____Again
40.6%
_____ BoyBlack
36.9%
The Piano ______Lesson
16.1%

Today's Daily Dose

Word Ladder
'90s Movies

Quick Pick
'Fire' Movies

On This Day
June 19th II

You're not logged in!

Compare scores with friends on all Sporcle quizzes.
Join for Free
OR
Log In

You Might Also Like...

Show Comments

Extras

Top Quizzes Today


Score Distribution

Your Account Isn't Verified!

In order to create a playlist on Sporcle, you need to verify the email address you used during registration. Go to your Sporcle Settings to finish the process.

Report this User

Report this user for behavior that violates our Community Guidelines.

Details: